000 00240 a2200085 4500
020 _a9788173611353
100 _aNadeem Hasnain
245 _aIndian Society And Culture: Continuity And Change
260 _bJawahar Publishers and Distributors
_c2011
999 _c13366
_d13366